1320 1867 1700 1752 1485 1652 1005 1801 1610 1359 1838 1428 1120 1070 1347 1013 1548 1548 1266 1940 1899 1193 1810 1988 1421 1746 1714 1108 1046 1087 1101 1059 1982 1897 1908 1999 1428 1710 1186 1657 1043 1867 1577 1591 1153 1016 1781 1904 1684 1009 1636 1398 1200 1301 1806 1994 1360 1606 1835 1561 1876 1242 1654 1418 1945 1930 1435 1644 1435 1020 1903 1089 1874 1200 1892 1696 1338 1423 1082 1330 1268 1608 1587 1339 1196 1262 1374 1361 1046 1957 1323 1705 1590 1654 1969 1700 1243 1941 1559 BCNSPRNW ULIB Ver.6.0+V

เปลี่ยนเป็นภาษาไทย

Change to English
 แสดงรายละเอียดบรรณานุกรม
  กลับหน้าหลัก

Brief Record : Get Marc (ISO 2709) : E-mail record : QR code < ปิดหน้าต่าง
LEADER : 00000nam 2200000uu 4500
001    13399114380
003     ULIB
008    120327s2552||||th 000 0 tha d
020    ^a9786110600248
090    ^aนว.^bM314L 2552
100 0  ^aเมย์ 112
245 00 ^aLovey brother แผนรักร้ายของ(พี่)ชายจอมเจ้าเล่ห์/^cเมย์ 112
250    ^aพิมพ์ครั้งที่ 1
260    ^aกรุงเทพฯ :^bแจ่มใส,^c2552
300    ^a195 หน้า
710 1  ^aแจ่มใส
945    ^p149^l0^i15523
995    ^aกัณชพร
999    ^aใช้งานได้ทุกระบบ
รายการนี้ยังไม่มีแท็ก
คุณยังไม่ได้ล็อกอิน คุณสามารถมีกิจกรรมร่วมกับเว็บไซต์ได้ แต่ต้องล็อกอินก่อน ::
  ล็อกอิน

รายการสื่อสารสนเทศ

ลำดับที่ ประเภท เลขเรียก/บาร์โค้ด สถานที่ สถานะ
1. นวนิยาย
นวนิยาย
นว. M314L 2552  
  Barcode: 15523
ห้องสมุดวิทยาเขตนครสวรรค์
►นวนิยาย:l:Fiction
บนชั้น

รายการใกล้เคียง
    ผู้แต่ง [เมย์ 112]

BibComment


ยังไม่เคยถูกคอมเมนท์

คอมเมนท์ทรัพยากรรายการนี้
  คอมเมนท์: Lovey brother แผ..


 Copyright 2026. Bcnsprnw @Library